000 00508nam a2200133Ia 4500
008 160809s9999 xx 000 0 und d
100 _aTabib, Nacer.
245 _aState Space Generation Framework Based on Binary Decision Diagram for Distributed Explicit
245 _cNacer Tabib, Jean Michel Ilie and Djamel Eddine Saidouni, Constantine.
260 _bComputer Science and Information Technology
260 _cJanuary 2016
650 _xINFORMATION TECHNOLOGY
856 _uhttp://airccse.org/V6N48.html
999 _c300047
_d300047